Education as political obligation (Record no. 129836)
[ view plain ]
| 000 -LEADER | |
|---|---|
| fixed length control field | 00555nam a22001577a 4500 |
| 008 - FIXED-LENGTH DATA ELEMENTS--GENERAL INFORMATION | |
| fixed length control field | 190919b ||||| |||| 00| 0 eng d |
| 082 ## - DEWEY DECIMAL CLASSIFICATION NUMBER | |
| Edition number | SPC. DT1.T50 M912 |
| 100 ## - MAIN ENTRY--PERSONAL NAME | |
| Personal name | Mojaki, Mosotho E. |
| 9 (RLIN) | 48139 |
| 245 ## - TITLE STATEMENT | |
| Title | Education as political obligation |
| Remainder of title | a closer look at its pragmaticism in the Republic of South Africa |
| Statement of responsibility, etc | Mojaki E. Mosotho |
| 260 ## - PUBLICATION, DISTRIBUTION, ETC. (IMPRINT) | |
| Place of publication, distribution, etc | Harare |
| Name of publisher, distributor, etc | Arrupe College |
| Date of publication, distribution, etc | 2015 |
| 300 ## - PHYSICAL DESCRIPTION | |
| Extent | iii, 68p. ; |
| Dimensions | 31cm. |
| 500 ## - GENERAL NOTE | |
| General note | Thesis |
| 650 ## - SUBJECT ADDED ENTRY--TOPICAL TERM | |
| Topical term or geographic name as entry element | Eucation, South Africa |
| 9 (RLIN) | 48140 |
| 650 ## - SUBJECT ADDED ENTRY--TOPICAL TERM | |
| Topical term or geographic name as entry element | Education |
| General subdivision | Political aspects |
| 9 (RLIN) | 33981 |
| 942 ## - ADDED ENTRY ELEMENTS (KOHA) | |
| Source of classification or shelving scheme | Library of Congress Classification |
| Item type | Monograph ( Printed materials) |
| Withdrawn status | Lost status | Source of classification or shelving scheme | Damaged status | Not for loan | Collection code | Home library | Current library | Shelving location | Date acquired | Total Checkouts | Full call number | Barcode | Date last seen | Price effective from | Koha item type |
|---|---|---|---|---|---|---|---|---|---|---|---|---|---|---|---|
| Library of Congress Classification | SPECIAL Collection | ARRUPE LIBRARY | ARRUPE LIBRARY | REFERENCE | 19/09/2019 | SPC. DT1.T50 M912 | 46600002994 | 19/09/2019 | 19/09/2019 | SPC |